Normal view
MARC view
- Borden, Charles A.
Entry Personal Name
001 - CONTROL NUMBER
- control field: 7994
003 - CONTROL NUMBER IDENTIFIER
- control field: OSt
005 - DATE AND TIME OF LATEST TRANSACTION
- control field: 20170525105301.0
008 - FIXED-LENGTH DATA ELEMENTS
- fixed length control field: 170525|| aca||aabn | a|a d
040 ## - CATALOGING SOURCE
- Original cataloging agency: OSt
- Transcribing agency: OSt
100 ## - HEADING--PERSONAL NAME
- Personal name: Borden, Charles A.
670 ## - SOURCE DATA FOUND
- Source citation: Work cat.: (OSt): Borden, Charles A., Sea quest; global blue-water adventuring in small craft, [1967]

PORTAL AKMAL
E-MEL JKDM
AKMAL2U
G-BAM
u-PUSTAKA